000 01332cam a2200409 a 4500
001 8561
003 FISKH
005 20250930102541.0
008 841127s1983 nyua j 000 0 eng
010 _a 82083905
020 _a0374317909 :
020 _a9780374317904
020 _a9780142302279
035 _a918253
040 _aDLC
_cDLC
_dDLC
_beng
042 _alcac
050 0 0 _aPR6054.A35
_bD5 1983b
082 0 0 _a821/.914
_219
100 1 _aDahl, Roald.
245 1 0 _aDirty beasts /
_cRoald Dahl ; pictures by Rosemary Fawcett.
260 _aNew York :
_bPuffin Books,
_c1983.
300 _a31 pages :
_bcolor illustrations ;
_c27 cm
505 _aR
520 _aA collection of humorous poems about amazing or nasty creatures, including a flying cow, a pig who turns the tables on a farmer, and crocodiles, lions, and anteaters who delight in devouring people.
521 8 _a740
_bLexile estimate
521 8 _aR
_bRaz-Plus
650 0 _aAnimals
_xJuvenile poetry.
650 0 _aChildren's poetry, English.
650 0 _aHumorous poetry, English.
650 1 _aAnimals
_xPoetry.
650 1 _aHumorous poetry.
650 1 _aEnglish poetry.
700 1 _aFawcett, Rosemary,
_eillustrator
906 _a7
_bcbc
_corignew
_d3
_eopcn
_f19
_gy-gencatlg
942 _2ddc
_cBK
_n0
999 _c8561
_d8561